Normal view
MARC view
Entry Personal Name
001 - CONTROL NUMBER
- control field: 17484
003 - CONTROL NUMBER IDENTIFIER
- control field: ARRUPE
005 - DATE AND TIME OF LATEST TRANSACTION
- control field: 20150422143200.0
008 - FIXED-LENGTH DATA ELEMENTS
- fixed length control field: 150422|| aca||aabn | a|a d
040 ## - CATALOGING SOURCE
- Original cataloging agency: ARRUPE
- Transcribing agency: ARRUPE
100 ## - HEADING--PERSONAL NAME
- Personal name: Rubin, Barry,
- Dates associated with a name: 1941-
670 ## - SOURCE DATA FOUND
- Source citation: Work cat.: (ARRUPE)0: Laqueur, Walter, 17482, The Human rights reader /, 1979.